000
00312 a2200157 4500
001
162685
020
_a
85-86295-03-5
040
_c
Magnum
100
_a
Guedes, Hardy
240
1
0
_a
Xakxó
_l
por
245
1
0
_a
Xakxó
300
_a
24
362
0
_a
1997
697
_a
LITERATURA INFANTO-JUVENIL
942
_c
BK
999
_c
162685
_d
162685